000
00327 a2200145 4500
001
151360
040
_c
Escola São Tomás de Aquino
100
_a
CUNHA, Leo
240
1
0
_a
Um aventura no sonho
_l
por
245
1
0
_a
Um aventura no sonho
362
0
_a
2013
440
1
_a
Edelbra
697
_a
*LITERATURA INFANTO
942
_c
BK
999
_c
151360
_d
151360